000 00721nam a2200229 i 4500
001 181355
003 ES-MaACL
005 20231010115206.0
008 121213s2010 sp |||| | spa d
020 _a978-84-7960-465-4
080 _a821.134.2-14"19"
100 1 _aOrozco Amorós, Paloma.
_9151971
245 1 0 _aMemento mori /
_cPaloma Orozco Amorós.
250 _a[1ª ed.].
260 _aMadrid :
_bEdiciones de la Torre,
_c2010.
300 _a154 p. ;
_c16 cm.
490 1 _aBiblioteca de nuestro mundo / Nova ;
_v4
830 0 _aBiblioteca de nuestro mundo / Nova ;
_v4
_9191446
852 _aES-MaACL
_jA-12409
_9188239
_bR.148544
_cDEPO1
_dN-5414
942 _2udc
_cMONOGRAFIA
999 _c181355
_d181355